| 000 | 01469cam a2200253 4500 | ||
|---|---|---|---|
| 001 | ABS66933 | ||
| 008 | 111219e2003 000 0 eng u | ||
| 035 | _a(Sirsi) u123007 | ||
| 245 | _aOrange PCS Ltd v Bradford (VO) | ||
| 260 | _c2003 | ||
| 490 |
_aRating Appeals _v[2003] RA 141-151(11) |
||
| 520 | _aRA/53/2001, 8 April 2003. Appellant (O) a licensed telecommunications operator under the Telecommunications Act 1984 was entitled to locate its apparatus on the public highway free of charge. O appealed against a Valuation Tribunal decision assessing the rateable value of the land at £1 100 on the grounds that its entitlement also extended to free rateable value. The LT held that the right of a telecommunications operator under the Telecommunications Act 1984 Sched 2 para 9(1) to locate his equipment in the highway without payment is to be disregarded in rating valuation. "Poplar Assessment Committee v Roberts" ([1922] 2 AC 93) applied. Appeal dismissed. | ||
| 590 | _aABS | ||
| 650 | _aORANGE PCS LTD V BRADFORD (VO) | ||
| 650 | _aTELECOMMUNICATIONS ACT 1984 SCHED 2 | ||
| 650 | _aTELECOMMUNICATIONS CODE | ||
| 650 | _aRATEABLE VALUE | ||
| 650 | _aPOPLAR ASSESSMENT COMMITTEE V ROBERTS | ||
| 650 | _aRATING ASSESSMENTS | ||
| 650 | _aANNUAL VALUE | ||
| 690 | _aRATING AND LOCAL TAXATION-CASE LAW | ||
| 856 |
_uhttps://www.bailii.org/ew/cases/EWLands/2003/RA_53_2001.html _zView the judgment free of charge at www.bailii.org |
||
| 942 | _n0 | ||
| 999 |
_c73043 _d73043 |
||